Normal view MARC view

Entry Nombre personal

Number of records used in: 1

001 - NÚMERO DE CONTROL

  • campo de control: 65716

003 - IDENTIFICADOR DE NÚMERO DE CONTROL

  • campo de control: OSt

005 - FECHA Y HORA DE LA ÚLTIMA TRANSACCIÓN

  • campo de control: 20241029134307.0

008 - ELEMENTOS DE DATO DE LONGITUD-FIJA

  • campo de control de longitud fija: 240227 n adnnnaa|n a aaa d

024 7# - IDENTIFICADOR DE OTROS ESTÁNDARES

  • Número estándar o código: http://www.wikidata.org/entity/Q1685290
  • Fuente: wikidata

024 7# - IDENTIFICADOR DE OTROS ESTÁNDARES

  • Número estándar o código: http://viaf.org/viaf/44507222/
  • Fuente: viaf

024 7# - IDENTIFICADOR DE OTROS ESTÁNDARES

  • Número estándar o código: https://isni.org/isni/0000000117608010
  • Fuente: isni

040 ## - FUENTE DE CATALOGACIÓN

  • Centro catalogador/agencia de origen: SpMaBN
  • Lengua de catalogación: spa
  • Centro/agencia transcriptor: SpMaBN
  • Normas de descripción: rdc
  • Convención/Normas de encabezamiento de materia/tesauro: embne

046 ## - FECHAS CON CODIFICACIÓN ESPECIAL

  • Fecha de nacimiento: 1835
  • Fecha de la muerte: 1911

100 1# - ENCABEZAMIENTO-NOMBRE DE PERSONA

  • Nombre de persona: Radoux, Jean Théodore (
  • Fechas asociadas al nombre: 1835-1911)

370 ## - LUGAR ASOCIADO

  • Lugar de nacimiento: Lieja
  • Número de control del registro de autoridad o número normalizado: XX451775
  • Fuente de información: Wikidata

372 ## - CAMPO DE ACTIVIDAD

  • Campo de actividad: Ópera
  • Fuente de información: Wikidata

374 ## - OCUPACIÓN

  • Ocupación: Profesores
  • Ocupación: Compositores
  • Fuente de información: Wikidata

375 ## - GÉNERO/SEXO

  • Género: Masculino
  • Fuente de información: Wikidata

377 ## - IDIOMA ASOCIADO

  • Término de lengua/lenguaje: Francés

400 1# - TRAZADO DE VÉASE--NOMBRE DE PERSONA

  • Nombre de persona: Radoux, J. Théodore

670 ## - FUENTE DE DATOS ENCONTRADOS

  • Cita de la fuente: Vous m'oubliez, 1874
  • Información encontrada: port. (6 mélodies de J. Théodore Radoux, Directeur du Conservatoire Royal de Musique à Liège)

670 ## - FUENTE DE DATOS ENCONTRADOS

  • Cita de la fuente: Dic. enciclopédico de la música, A. Albert Torrellas, 1948
  • Información encontrada: (Radoux, Jean Théodore; n. en Lieja (Bélgica), 1835, m. Lieja, 1911; compositor)

670 ## - FUENTE DE DATOS ENCONTRADOS

  • Cita de la fuente: Lexicon der toonkunst, Viotta, 1885
  • Información encontrada: (Radoux (Jean Théodore); geb. 9 Nov. 1835 te Luik; componist)

Powered by Koha